000 00481nam a2200133Ia 4500
005 20260209120134.0
008 260209s9999||||xx |||||||||||||| ||und||
100 _aPriya Atmaram Kelagade
245 0 _aAnalysis of marine insurance act, 1993 : a case study analysis
260 _aBangaloreBangalore
_bNLSIU
_c2014
300 _a118 p. ; 25 cm.
700 _aProf. (Dr.) Ashok R Patil - GuideProf. (Dr.) Ashok R Patil - Guide
856 _uhttps://dans.nls.ac.in/handle/123456789/1715
999 _c217174
_d217174